000 00204nam a22000857a 4500
001 1235212
005 20250930112431.0
245 _aBEDEN VE AKIL
_cBRIGITTE LABBE
260 _bGÜNIŞIĞI KİTAPLIĞI YAYINLARI
999 _c1235212
_d1235212